Name all of the flags of Canada's Provinces and Territory's - Statistics

General Stats
  • This quiz has been taken 14 times
  • The average score is 10 of 13
Answer Stats
Picture Answer % Correct
Newfoundland and Labrador
88%
Nova Scotia
88%
Ontario
88%
Quebec
88%
Saskatchewan
88%
Yukon
88%
Alberta
75%
Manitoba
75%
New Brunswick
75%
Northwest Territories
75%
Nunavut
75%
Prince Edward Island
75%
British Colombia
63%
No matching quizzes found
Score Distribution
Percent of People with Each Score
Percentile by Number Answered
Your Score History
You have not taken this quiz